Knižnice - multifunkčné vzdelávacie a kultúrne centrá Dni otvorených dverí v Slovenskej ekonomickej knižnici EU v Bratislave

Informácia o podujatiach organizovaných Slovenskou ekonomickou knižnicou v rámci Dní otvorených dverí v termíne 18. - 24. apríla 2005.

Na minha lista:
Detalhes bibliográficos
Autor principal: Hudecová, Simona
Formato: Capítulo de Livro
Idioma:eslovaco
Assuntos:
Tags: Adicionar Tag
Sem tags, seja o primeiro a adicionar uma tag!

MARC

LEADER 00000naa$a2200000$$$4500
001 0030924
005 20240502071436.3
041 0 |a slo 
044 |a SK 
245 1 0 |a Knižnice - multifunkčné vzdelávacie a kultúrne centrá  |b Dni otvorených dverí v Slovenskej ekonomickej knižnici EU v Bratislave  |c Simona Hudecová 
520 |a Informácia o podujatiach organizovaných Slovenskou ekonomickou knižnicou v rámci Dní otvorených dverí v termíne 18. - 24. apríla 2005. 
610 2 0 |a knižnice 
610 2 0 |a vzdelávanie 
610 2 0 |a kultúra 
610 2 0 |a služby 
610 2 0 |a Slovenská ekonomická knižnica Ekonomickej univerzity v Bratislave 
100 1 |a Hudecová, Simona